| 000 | 00394nam a22001577a 4500 | ||
|---|---|---|---|
| 003 | OSt | ||
| 005 | 20140402114918.0 | ||
| 008 | 140402s1995 sp ||||| |||| 00| 0 cat d | ||
| 020 | _a8479352434 | ||
| 040 |
_bcat _cCPC Lleida |
||
| 100 |
_9163 _aMachetti, Sandro |
||
| 245 | 1 | 3 |
_aEl pre-cinema a Lleida _c[Sandro Machetti] |
| 260 |
_aLleida _bPagès _c1995 |
||
| 300 |
_a351 p. _c20 cm. |
||
| 942 | _cMON | ||
| 999 |
_c6712 _d6712 |
||